Merlin Characters by Episode Count - Statistics

General Stats
  • This quiz has been taken 124 times
  • The average score is 15 of 20
Answer Stats
Hint Answer % Correct
65 Arthur Pendragon
100%
65 Merlin
100%
61 Guinevere Pendragon
98%
57 Morgana Pendragon
98%
43 Uther Pendragon
98%
65 Gaius
93%
6 Lancelot du Lac
93%
30 Gwaine
91%
26 Percival
86%
39 Leon
83%
14 Mordred
82%
21 Elyan
76%
11 Morgause
74%
28 Kilgharrah
67%
13 Agravaine de Bois
57%
4 Nimueh
55%
4 Cenred
47%
4 Hunith
46%
7 Aithusa
45%
12 Geoffrey of Monmouth
32%
No matching quizzes found
Score Distribution
Percent of People with Each Score
Percentile by Number Answered
Your Score History
You have not taken this quiz